MDQL
is popping MORE tags! Check the
thread
!
Quizzes
Events
Quiz Creation
Community
Videos
Private Events
Remove Ads
Sign In
Join for FREE
Feedback
Dark Mode
Quiz Categories
Sports
Geography
Music
Movies
Television
Just For Fun
Miscellaneous
History
Literature
Language
Science
Gaming
Entertainment
Religion
Holiday
For Kids
Quiz Lab
Recent
Popular Today
Quiz Kudos Today
Editor Picks
Curator Picks
Quizzes by...
Day
Popularity
Type
Ratings
Length
Year
Community
Subscriptions
Recent Discussions
Orange Saloon
Badges
Playlists
Quests
Create
Leaderboards
Showdown
Live 5
Trivia Bingo
Activity
Puzzle Library
Sporcle Events
Private Events
Virtual Trivia
Globe League
Become a Host
Pub Owners
SporcleCon
Opinionation
Our Games
Videos
Blog
Mobile Apps
Partnerships
Remove Ads and Go Orange
Feedback
Music
Pop Music
The Beatles
Song
Album
Lyrics
Bands
Singers
Artist
Clip
Rock
Rap
Classical
Billboard
Country Music
Kpop
Taylor Swift
Music
Pop Music
The Beatles
Song
Album
Lyrics
Bands
Singers
Artist
Clip
Rock
Rap
Classical
Billboard
Country Music
Kpop
Taylor Swift
Random Quiz
Search Sporcle
×
Quiz Lab
Quiz Lab
Music
Marching Band
Type in answers that appear in a list
Type in answers that appear in a list
Classic
Best Score? Go Orange.
University Bandstand Stats
Can you name the Universities these marching bands represent ?
By
Troy94
7m
25 Questions
56 Plays
56 Plays
56 Plays
Comments
Comments
Give Quiz Kudos
Give Quiz Kudos
-
- Ratings
hide this ad
Random Order
Randomize order of answers
Randomize order of answers
Replay
Link that replays current quiz
Next Quiz
Link to next quiz in quiz playlist
You Got
0%
They Got
Avg Score
43%
Avg Friend Score
Upgrade to see
Score Distribution
Jump to the score distribution portion of the page
Score
0/25
Timer
07:00
0
Plays Today
Band Nickname
College
% Correct
TBDBITL
Ohio State
85.7%
Million Dollar Band
Alabama
78.6%
Redcoat Marching Band
Georgia
73.2%
Spirit of Troy
Southern California
69.6%
Marching Chiefs
Florida State
64.3%
The Pride
Bethune Cookman/BethuneCookman
55.4%
Human Jukebox
Southern
53.6%
Pride of the Southland
Tennessee
51.8%
Pride of the South
Mississippi
51.8%
Band of the Hour
Miami
50%
Mighty Sound of the Southeast
South Carolina
50%
Marching Thunder
Marshall
46.4%
Marching 100
Florida A&M
44.6%
Band Nickname
College
% Correct
Sound of the South
Troy
37.5%
Sonic Boom of the South
Jackson State
35.7%
Mighty Marching Hornets
Alabama State
32.1%
Green Brigade
North Texas
32.1%
Blue and Gold Marching Machine
North Carolina A&T
28.6%
Ocean of Soul
Texas Southern
25%
Golden Wave
Baylor
25%
Pride of the Mountains
Western Carolina
23.2%
Showband of the South
Alabama A&M
21.4%
Aristocrat of Bands
Tennessee State
19.6%
The Force/
Marching Force
Hampton
16.1%
Marching Ambassadors of Soul
Virginia Union
7.1%
Quiz Playlist
Details
Report
Send in Message
Add To Playlist
Classic:
Type in answers that appear in a list
Random Order:
Randomize order of answers
Last Updated: Feb 16, 2017
Quiz Scoreboard
CHALLENGE
Sign Up to Join the Scoreboard
Show All
Scores
Hide
Comments
May contain spoilers
Recently Published
Holiday 10x10 Sorting Gallery
by lukepisani3
Holiday
15m
Two Season TV Shows II
by 123Four
Television
10m
Image Sorting: Flags VI
by Barbecue
Geography
2m
More to Explore
Quiz From the Vault
Featured Blog Post
14 Easter Pick-up Lines to Find Eggs With
hide this ad
You Might Also Like...
Tags
Marching Band
Today's Top Quizzes in Music
Browse Music
hide this ad
Top Contributed Quizzes in Music
1
5X2 Blitz: Bands II
2
Taylor Swift All Songs (2024)
3
5X2 Blitz: The Beatles
4
5X2 Blitz: Billboard
5
Music Artist by Three 2010s hits
6
5X2 Blitz: Billboard II
7
5X2 Blitz: Album
8
5X2 Blitz: Rock
9
5X2 Blitz: Singers
10
5X2 Blitz: Lyrics
Explore More
Trending Topics
Harry Potter
Crossword
NBA
Anime
Marvel
Kpop
Disney
Country
Song
WWE
The Office
Soccer
Pokémon
NFL
Puzzle
hide this ad
More By:
Troy94
Quiz
Plays
Rating
Category
Featured
Created
The Highest Form of Flattery
5,433
4.26
Sports
Jun 15, 2012
Unleash the Power!
1,481
5.00
Television
Mar 21, 2015
Go Go Megaforce!
1,473
5.00
Television
May 1, 2013
Always a Ranger
1,467
5.00
Television
Mar 14, 2013
Go Go Samurai!
1,314
5.00
Television
May 1, 2013
Go to Creator's Profile
Score Distribution
Quiz Creator Spotlight
Troy94
Follow
Send a Message
Quizzes Created
-
Created Quiz Play Count
-
More By This Creator
Popular Quizzes Today
1
Find the US States - No Outlines Minefield
2
Colored Red Africa Blitz
3
Find the 'City' Movie
4
The Countries of the World
5
Find the US States
6
5x2 Blitz: Bands
7
Find the Countries of Europe - No Outlines Minefield
8
US States
More Music Quizzes
Complete the '80s Song... With a Picture
Published
Trending Quizzes
Colored Red Europe Blitz I
Colored Red Europe Blitz II
Colored Red Africa Blitz II
Colored Red Europe Blitz III
Colored Red Africa Blitz III
Recently Updated
Odd Team Out - Big 4 Players
pecheneg
Quick Pick: 20 Twenties
pecheneg
March Madness Men's Triple Doubles
pecheneg
How Do You Spell That?
pecheneg
Godzilla Movies
pecheneg
Grab Bag: 4-10 Letters
pecheneg
2024 March Madness Bracket
pecheneg
Famous TV Couples
Peacemaker
Champions League XIs: Real Madrid
pecheneg
Largest US Cities 1790-2010
pecheneg
Trending Topics
Harry Potter
Anime
Kpop
Disney
NBA
Crossword
Marvel
Pokémon
Song
The Office
NFL
Soccer
Country
WWE
Puzzle
Your Account Isn't Verified!
In order to create a playlist on Sporcle, you need to verify the email address you used during registration. Go to your
Sporcle Settings
to finish the process.
Report this User
Report this user for behavior that violates our
Community Guidelines
.
Details:
Send Report
Go to the Sporcle.com Mobile Site →
Comments